| 000 | 00384pab a2200145 454500 | ||
|---|---|---|---|
| 008 | 180718b2001 xxu||||| |||| 00| 0 eng d | ||
| 100 | _aGilbreath, Brad et al. | ||
| 245 | _aUsing management advisory boards in the classroom | ||
| 260 | _c2001 | ||
| 300 | _ap.32-53 | ||
| 362 | _aFeb | ||
| 650 | _aManagement education | ||
| 773 | _aJournal of Management Education | ||
| 909 | _a48802 | ||
| 999 |
_c48802 _d48802 |
||